Convexity and Steinitz's Exchange Property

Saved in:
Bibliographic Details
Main Author: Murota, Kazuo
Format: Book
Language:English
Published: Bonn Rheinische Friedrich-Wilhelms-Universität 1995
Edition:1. ed.
Series:Report No. 95848
Subjects:
Tags: Add Tag
No Tags, Be the first to tag this record!

MARC

LEADER 00000nam a2200000 4500
001 c020931
005 20221221080100.2
041 0 |a eng 
044 |a DE 
245 1 0 |a Convexity and Steinitz's Exchange Property  |c Kazuo Murota 
250 |a 1. ed. 
264 1 |a Bonn  |b Rheinische Friedrich-Wilhelms-Universität  |c 1995 
300 |a 43 s. 
490 1 |a Report  |v No. 95848 
830 0 |a Report  |v No. 95848 
610 2 0 |a matematika 
610 2 0 |a modely matematické 
610 2 0 |a výskum operačný 
610 2 0 |a optimalizácia 
100 1 |a Murota, Kazuo